000 00644nam a2200265Ia 4500
005 20260121165014.0
008 008 260114s9999 xx 000 0 eng d
020 _a9781137498236
037 _aEBOOK
040 _aCRL
040 _beng
040 _cCRL
041 _2eng
041 _aeng
084 _qCRL
100 _aGorazd Andrej?
_91046351
245 0 _aWittgenstein and Interreligious Disagreement
260 _bSpringer
260 _bSpringer
260 _c2016
856 _uhttps://link.springer.com/openurl?genre=book&isbn=978-1-137-49823-6
942 _cEBOOK
999 _c1612076
_d1612076